00478 2200193 4500001002100000005001500021008004100036035002000077082001000097084001600107100001900123245005100142250000600193260003600199300001100235650001400246990001200260990001200272INLIS00000000000032120240503081617240503 0 ind  a0010-0424000297 a2X3.6 a2X3.6 KHA m aBasori, Khabib1 aMemahami Qada dan Qadar Allah /cKhabib Basori a1 aJakarta :bCempaka Putih,c2015 a68 hlm 4aNon Fiksi a0728755 a0728756